| 000 | 00728cam a2200145 4500500 | ||
|---|---|---|---|
| 005 | 20260208002351.0 | ||
| 041 | _afre | ||
| 042 | _adc | ||
| 100 | 1 | 0 |
_aDigard, Jean-Pierre _eauthor |
| 245 | 0 | 0 | _aLiliane Bodson, ed., La Migration des animaux: connaissances zoologiques et exploitations anthropologiques selon les espèces, les lieux et les époques, Liège, Université de Liège, 2004, Liège, xix + 234 p., bibl., index, ill., fig., tabl., cartes («Colloques d’histoire des connaissances zoologiques» 15) |
| 260 | _c2005. | ||
| 500 | _a2 | ||
| 786 | 0 | _nL'Homme | 175-176 | 3 | 2005-07-01 | p. 475m-572m | 0439-4216 | |
| 856 | 4 | 1 | _uhttps://shs.cairn.info/revue-l-homme-2005-3-page-475m?lang=fr&redirect-ssocas=7080 |
| 999 |
_c1645983 _d1645983 |
||